[Event "NM for klubblag 2019"]
[Site "Scandic Ambassadeur, Drammen"]
[Date "2019.05.30"]
[Round "1"]
[White "Morad, Hassen M"]
[Black "Sørensen, Simen"]
[Result "0-1"]
[WhiteElo "1594"]
[BlackElo "1980"]
[PlyCount "77"]
[EventDate "2019.??.??"]

1. d4 Nf6 2. c4 e6 3. Nf3 b6 4. Bg5 Bb7 5. e3 Be7 6. Be2 O-O 7. O-O Ne4 8. Bxe7
Qxe7 9. Nc3 f5 10. Nd2 Nxd2 11. Qxd2 Qg5 12. d5 d6 13. f4 Qe7 14. Bf3 e5 15. e4
fxe4 16. Bxe4 Nd7 17. Rae1 a5 18. Rf3 Rf6 19. Rh3 h6 20. Bb1 Qf7 21. f5 Nc5 22.
g4 Rd8 23. Ne2 c6 24. Rd1 Qe8 25. Ng3 cxd5 26. cxd5 Qa4 27. Rh4 Rff8 28. Nh5
Qd7 29. f6 g5 30. Bf5 Qa4 31. Rh3 Bc8 32. Bxc8 Rxc8 33. Qe2 e4 34. Rf1 Qd4+ 35.
Kh1 Nd3 36. Ng3 Nf4 37. Rxf4 gxf4 38. Nf5 Rc1+ 39. Kg2
0-1

[Event "NM for klubblag 2019"]
[Site "Scandic Ambassadeur, Drammen"]
[Date "2019.05.30"]
[Round "1"]
[White "Areklett, Ivar"]
[Black "Kro, Andreas Fuskeland"]
[Result "1-0"]
[WhiteElo "1984"]
[BlackElo "1422"]
[PlyCount "65"]
[EventDate "2019.??.??"]

1. e4 e6 2. d3 d5 3. Nd2 Nc6 4. Ngf3 dxe4 5. dxe4 Bc5 6. g3 Nf6 7. Bg2 e5 8.
O-O O-O 9. c3 Be6 10. Qc2 Qe7 11. b4 Bb6 12. a4 a6 13. Ba3 Nb8 14. Nxe5 Nbd7
15. Nd3 c6 16. Rfe1 Bc7 17. b5 c5 18. e5 Ng4 19. Bxb7 Rab8 20. bxa6 Ngxe5 21.
Ne4 Nf3+ 22. Kg2 Nxe1+ 23. Rxe1 Bd6 24. Qb2 f5 25. Ng5 Qxg5 26. Rxe6 Bc7 27. a7
Rxb7 28. Qxb7 Qd8 29. Nxc5 Nxc5 30. Bxc5 Qa8 31. Qxa8 Rxa8 32. Re7 Rc8 33. Rxc7
1-0

[Event "NM for klubblag 2019"]
[Site "Scandic Ambassadeur, Drammen"]
[Date "2019.05.30"]
[Round "1"]
[White "Strand, Vetle BjÃ¸rge"]
[Black "Melkevik, Johannes"]
[Result "1-0"]
[WhiteElo "1477"]
[BlackElo "1892"]
[PlyCount "84"]
[EventDate "2019.??.??"]

1. d4 f5 2. c4 Nf6 3. Nc3 d6 4. Bg5 Nbd7 5. Nf3 g6 6. e3 Bg7 7. h3 O-O 8. Be2
c6 9. O-O Qc7 10. Rc1 e5 11. Qb3 Kh8 12. Rfd1 h6 13. Bh4 f4 14. Bxf6 Nxf6 15.
dxe5 dxe5 16. exf4 exf4 17. Bd3 g5 18. Re1 Ng8 19. Re2 Bf5 20. Bxf5 Rxf5 21.
Qc2 Raf8 22. Rce1 Bxc3 23. Qxc3+ Qg7 24. Qxg7+ Kxg7 25. Nd4 f3 26. Nxf5+ Rxf5
27. Rd2 Rf4 28. b3 Nf6 29. Re7+ Kg6 30. Rxb7 Ne4 31. Rd4 c5 32. Rdd7 fxg2 33.
Rg7+ Kf5 34. Rgf7+ Nf6 35. Kxg2 h5 36. Rxa7 g4 37. hxg4+ Rxg4+ 38. Kf1 Ke5 39.
Ra5 Ne4 40. f3 Ng3+ 41. Kf2 Nh1+ 42. Ke3 Rg1 1-0

[Event "NM for klubblag 2019"]
[Site "Scandic Ambassadeur, Drammen"]
[Date "2019.05.30"]
[Round "1"]
[White "Nordtug, Per Øistein"]
[Black "Westrum, Kim Roger Hansen"]
[Result "0-1"]
[WhiteElo "1447"]
[BlackElo "1689"]
[PlyCount "70"]
[EventDate "2019.??.??"]

1. c4 Nf6 2. Nc3 e5 3. Nf3 d6 4. d3 Be7 5. Rb1 c6 6. e4 O-O 7. Be2 Ne8 8. O-O
f5 9. exf5 Bxf5 10. Be3 Nf6 11. Ng5 b6 12. Nge4 Nbd7 13. a3 d5 14. Nxf6+ Nxf6
15. cxd5 cxd5 16. Bd2 d4 17. Ne4 Nxe4 18. dxe4 Bxe4 19. Bc4+ Kh8 20. Rc1 Rc8
21. Qe2 Bd5 22. Bd3 Rxc1 23. Rxc1 Bd6 24. Qh5 e4 25. Bc4 Bxc4 26. Rxc4 Qf6 27.
f3 exf3 28. Qxf3 Qh4 29. Qxf8+ Bxf8 30. Rc8 h6 31. Rxf8+ Kh7 32. Rf5 Qd8 33.
Rf7 a5 34. Rf5 Qc8 35. b4 Qxf5
0-1

[Event "NM for klubblag 2019"]
[Site "Scandic Ambassadeur, Drammen"]
[Date "2019.05.30"]
[Round "1"]
[White "Digernes, Mikael"]
[Black "Høiom, Jonas"]
[Result "0-1"]
[WhiteElo "1491"]
[BlackElo "1293"]
[PlyCount "74"]
[EventDate "2019.??.??"]

1. e4 e6 2. d4 d5 3. exd5 exd5 4. Bd3 Nc6 5. c3 Nf6 6. Nf3 Be7 7. O-O O-O 8.
Bf4 Bg4 9. h3 Bh5 10. Nbd2 Qd7 11. Re1 Rfe8 12. Qc2 Na5 13. Ne5 Qd8 14. b4 Nc6
15. Bb5 Bd6 16. Bg3 Bxe5 17. dxe5 Nd7 18. Qa4 Re6 19. Nb3 Nb6 20. Qa3 Qe7 21.
Nc5 a6 22. Bd3 Nxe5 23. Bf5 Nf3+ 24. gxf3 Rxe1+ 25. Rxe1 Qxe1+ 26. Kg2 Re8 27.
Nd3 Qd1 28. Bg4 Bxg4 29. hxg4 Qxd3 30. Bxc7 Nc4 31. Qa4 Re1 32. Qd7 h6 33. Qc8+
Kh7 34. Qd7 Qf1+ 35. Kg3 Qg1+ 36. Kh4 Qxf2+ 37. Bg3 Rh1#
0-1

[Event "NM for klubblag 2019"]
[Site "Scandic Ambassadeur, Drammen"]
[Date "2019.05.30"]
[Round "1"]
[White "Blauhut, Holger"]
[Black "Johnsen, Øystein"]
[Result "1/2-1/2"]
[WhiteElo "2041"]
[BlackElo "1995"]
[PlyCount "62"]
[EventDate "2019.??.??"]

1. e4 c5 2. Nf3 e6 3. b3 Nc6 4. Bb2 d6 5. d4 cxd4 6. Nxd4 Bd7 7. Nb5 Nf6 8.
N1c3 Qa5 9. Nxd6+ Bxd6 10. Qxd6 Nxe4 11. Qd3 Nf6 12. Qb5 O-O-O 13. Qxa5 Nxa5
14. f3 a6 15. Bd3 Nc6 16. Ne4 Nxe4 17. Bxe4 f5 18. Bxc6 Bxc6 19. Ke2 Rd7 20.
Rhd1 Rhd8 21. a4 g5 22. Bf6 Rxd1 23. Rxd1 Rxd1 24. Kxd1 g4 25. Ke2 gxf3+ 26.
gxf3 b5 27. a5 Kd7 28. f4 Be4 29. c4 Kc6 30. Be7 bxc4 31. bxc4 h5
1/2-1/2

[Event "NM for klubblag 2019"]
[Site "Scandic Ambassadeur, Drammen"]
[Date "2019.05.30"]
[Round "1"]
[White "Kjærås, Alf Marius"]
[Black "Skaar, Ben Samuel Groth"]
[Result "1-0"]
[WhiteElo "1856"]
[BlackElo "1248"]
[PlyCount "51"]
[EventDate "2019.??.??"]

1. d4 d5 2. Bf4 Nf6 3. e3 e6 4. Nf3 Bd6 5. Bg3 O-O 6. Bd3 c6 7. Nbd2 c5 8. c3
Nc6 9. O-O b6 10. Qe2 Bb7 11. a4 a5 12. Rfd1 Bxg3 13. hxg3 c4 14. Bc2 Re8 15.
e4 Nd7 16. Re1 Rc8 17. Nh2 Qg5 18. exd5 exd5 19. Qxe8+ Rxe8 20. Rxe8+ Nf8 21.
Ndf3 Qf6 22. Ng4 Qd6 23. Ng5 g6 24. Nh6+ Kg7 25. Ngxf7 Qd7 26. Rae1
1-0

[Event "NM for klubblag 2019"]
[Site "Scandic Ambassadeur, Drammen"]
[Date "2019.05.30"]
[Round "1"]
[White "Nizar, Siako"]
[Black "Kopperud, Vidar Aleksander"]
[Result "0-1"]
[WhiteElo "1176"]
[BlackElo "1766"]
[PlyCount "74"]
[EventDate "2019.??.??"]

1. c4 e5 2. Nc3 d6 3. d3 c6 4. e4 f5 5. exf5 Bxf5 6. g3 Nf6 7. Bg2 Be7 8. Nge2
Qd7 9. O-O O-O 10. Re1 Na6 11. a3 Nc5 12. d4 Nd3 13. Rf1 Rad8 14. d5 Nc5 15.
Bd2 Bh3 16. b4 Bxg2 17. Kxg2 Nce4 18. Nxe4 Nxe4 19. Nc3 Nxd2 20. Qxd2 Qg4 21.
dxc6 Qf3+ 22. Kg1 bxc6 23. Qe3 Qxe3 24. fxe3 Bg5 25. e4 Be3+ 26. Kg2 Bd4 27.
Rac1 Rxf1 28. Kxf1 Rf8+ 29. Kg2 Rf2+ 30. Kh3 Rf3 31. Nb1 Re3 32. b5 c5 33. Nd2
Rxa3 34. Rb1 Rd3 35. Nb3 Bc3 36. Rc1 Bb2 37. Rb1 Rxb3 0-1

[Event "NM for klubblag 2019"]
[Site "Scandic Ambassadeur, Drammen"]
[Date "2019.05.30"]
[Round "1"]
[White "Grave, Jacob Templen"]
[Black "Blauhut, Anna"]
[Result "1-0"]
[WhiteElo "1747"]
[BlackElo "1156"]
[PlyCount "53"]
[EventDate "2019.??.??"]

1. d4 d5 2. c4 e6 3. Nc3 c6 4. e3 Nf6 5. Nf3 Be7 6. b3 Nbd7 7. Bd3 Nf8 8. Qc2
Ng6 9. Bb2 Bd7 10. O-O O-O 11. Ne5 c5 12. Nxg6 fxg6 13. dxc5 Bxc5 14. cxd5 exd5
15. Nxd5 Nxd5 16. Qxc5 Bf5 17. e4 Nf4 18. Qe5 Qf6 19. Qxf4 Qxb2 20. exf5 gxf5
21. Bxf5 g6 22. Be6+ Kg7 23. Qc7+ Kf6 24. Bc4 b6 25. Rae1 Rae8 26. Rxe8 Rxe8
27. Qf7+
1-0

[Event "NM for klubblag 2019"]
[Site "Scandic Ambassadeur, Drammen"]
[Date "2019.05.30"]
[Round "1"]
[White "Aune, Arild Ingar"]
[Black "Johansen, Aleksander"]
[Result "0-1"]
[WhiteElo "1332"]
[BlackElo "1498"]
[PlyCount "70"]
[EventDate "2019.??.??"]

1. e4 c6 2. Nf3 d5 3. exd5 cxd5 4. Bb5+ Bd7 5. Be2 Nf6 6. Ne5 Nc6 7. Nxc6 bxc6
8. O-O e5 9. d3 Rb8 10. a3 Bd6 11. b4 O-O 12. Bg5 Qc7 13. Bxf6 gxf6 14. g3 Bh3
15. Re1 f5 16. Nd2 Qe7 17. Bf1 Bg4 18. Be2 Bh3 19. Bf1 Bxf1 20. Kxf1 Qf6 21. c4
Rfe8 22. Qa4 Rec8 23. Qxa7 e4 24. dxe4 fxe4 25. Qe3 Ra8 26. c5 Be5 27. Ra2 Bc3
28. Rb1 Rcb8 29. Rb3 Bxb4 30. Rxb4 Rxb4 31. axb4 Rxa2 32. Kg2 Rb2 33. Nb3 Qf3+
34. Qxf3 exf3+ 35. Kxf3 Rxb3+
0-1

[Event "NM for klubblag 2019"]
[Site "Scandic Ambassadeur, Drammen"]
[Date "2019.05.30"]
[Round "1"]
[White "Odde, Kent"]
[Black "Lien, Kjell Håkon"]
[Result "0-1"]
[WhiteElo "1516"]
[BlackElo "2214"]
[PlyCount "60"]
[EventDate "2019.??.??"]

1. c4 Nf6 2. Nc3 e6 3. g3 d5 4. cxd5 exd5 5. d4 Bd6 6. Bg2 c6 7. e3 O-O 8. Nge2
Bf5 9. O-O Nbd7 10. a3 a5 11. Bd2 Re8 12. Na2 a4 13. Bb4 Nb6 14. Bxd6 Qxd6 15.
Nac3 Ra7 16. b4 axb3 17. Qxb3 Nc4 18. Qb4 Rea8 19. Qxd6 Nxd6 20. a4 b5 21. Rfc1
Nc4 22. Nf4 Nb6 23. Bf1 Nxa4 24. Nxa4 Rxa4 25. Rxa4 bxa4 26. Rxc6 a3 27. Rc1 a2
28. Ra1 Bb1 29. Bd3 Rb8 30. Kg2 g5
0-1

[Event "NM for klubblag 2019"]
[Site "Scandic Ambassadeur, Drammen"]
[Date "2019.05.30"]
[Round "1"]
[White "Lystad, Frank"]
[Black "Martens, Erik"]
[Result "1/2-1/2"]
[WhiteElo "1771"]
[BlackElo "1290"]
[PlyCount "84"]
[EventDate "2019.??.??"]

1. d4 d5 2. Bf4 Nc6 3. e3 Bf5 4. c3 Nf6 5. Qb3 Na5 6. Qa4+ c6 7. Nd2 Bd7 8.
Ngf3 b6 9. Ne5 Nb7 10. Ba6 Qc8 11. Nxd7 Qxd7 12. Nf3 Nd8 13. Ne5 Qe6 14. Nxc6
Qd7 15. Bb5 a6 16. Na7 axb5 17. Qxb5 Rxa7 18. Qxb6 Rb7 19. Qa6 Rxb2 20. a4 Rb7
21. Qd3 Ra7 22. a5 e6 23. O-O Bd6 24. Bxd6 Qxd6 25. c4 dxc4 26. Qxc4 Nc6 27.
Rfc1 Nxa5 28. Qb5+ Ke7 29. Rxa5 Rxa5 30. Qxa5 Rd8 31. Rc7+ Rd7 32. Rc8 h5 33.
g3 h4 34. gxh4 Ng4 35. Qg5+ Nf6 36. Qxg7 Rd8 37. Rxd8 Qxd8 38. Kg2 Qd5+ 39. Kg1
Qe4 40. Qg5 Qf3 41. Qg3 Qe4 42. Qg5 Qf3 1/2-1/2

[Event "NM for klubblag 2019"]
[Site "Scandic Ambassadeur, Drammen"]
[Date "2019.05.30"]
[Round "1"]
[White "Wister, Tom R"]
[Black "Ingebretsen, Jens E"]
[Result "1-0"]
[WhiteElo "1837"]
[BlackElo "2243"]
[PlyCount "133"]
[EventDate "2019.??.??"]

1. d4 Nf6 2. c4 e6 3. Nc3 d5 4. Bg5 Nbd7 5. e3 Be7 6. Nf3 O-O 7. Rc1 a6 8. cxd5
exd5 9. Bd3 c6 10. O-O Re8 11. Qc2 h6 12. Bf4 Nf8 13. h3 Bd6 14. Bxd6 Qxd6 15.
Ne2 Ne4 16. Nd2 f5 17. Nf3 Ng6 18. g3 Bd7 19. Nf4 Nh8 20. Ne5 Nf7 21. Nfg6 Nxe5
22. Nxe5 Rxe5 23. dxe5 Qxe5 24. Kg2 Rf8 25. f4 Qe6 26. Bxe4 fxe4 27. g4 h5 28.
Qe2 hxg4 29. Qxg4 Qxg4+ 30. hxg4 Bxg4 31. Kg3 Bf3 32. b4 Rf6 33. Rf2 Rg6+ 34.
Kh2 Kf7 35. Rg1 Rh6+ 36. Kg3 Rg6+ 37. Kh2 Rh6+ 38. Kg3 Rd6 39. Rd2 Rh6 40. Rh2
Rd6 41. Rd2 Ke8 42. Kf2 g6 43. Ke1 Kd8 44. Rh2 d4 45. exd4 Rxd4 46. Rd2 Rxd2
47. Kxd2 Bh5 48. Ke3 Ke7 49. Kxe4 Ke6 50. Rg5 Kd6 51. Kd4 Ke6 52. Kc5 Kf6 53.
Kb6 c5 54. bxc5 Bf3 55. a4 Bc6 56. a5 Be4 57. Kc7 Bf3 58. Rg3 Be4 59. Rb3 Kf5
60. Rxb7 Kxf4 61. Rb8 g5 62. Kb6 g4 63. Rg8 g3 64. c6 Bd5 65. Rg7 Kf3 66. c7
Be6 67. Kb7
1-0

[Event "NM for klubblag 2019"]
[Site "Scandic Ambassadeur, Drammen"]
[Date "2019.05.30"]
[Round "1"]
[White "Aure, Anders Nilsson"]
[Black "Abdrlauf, Elham"]
[Result "1/2-1/2"]
[WhiteElo "1783"]
[BlackElo "2231"]
[PlyCount "87"]
[EventDate "2019.??.??"]

1. c4 c5 2. Nc3 Nc6 3. g3 g6 4. Bg2 Bg7 5. Nf3 d6 6. O-O e5 7. d3 Nge7 8. Rb1
O-O 9. a3 a5 10. Bd2 h6 11. Ne1 Rb8 12. Nc2 Be6 13. b4 axb4 14. axb4 cxb4 15.
Nxb4 Nxb4 16. Rxb4 d5 17. cxd5 Nxd5 18. Nxd5 Bxd5 19. Bxd5 Qxd5 20. Qb3 Qxb3
21. Rxb3 Rfc8 22. Rfb1 Rc2 23. R3b2 Rxb2 24. Rxb2 b5 25. Rb3 Bf8 26. Bb4 Bxb4
27. Rxb4 Kf8 28. f4 exf4 29. gxf4 Ke7 30. e4 Kd6 31. d4 f5 32. e5+ Kd5 33. Kf2
Ke4 34. Kg3 Rb6 35. h3 g5 36. fxg5 hxg5 37. h4 f4+ 38. Kg4 gxh4 39. Kxh4 Rg6
40. Rxb5 f3 41. e6 f2 42. e7 Rg8 43. Re5+ Kxd4 44. Rf5
1/2-1/2

[Event "NM for klubblag 2019"]
[Site "Scandic Ambassadeur, Drammen"]
[Date "2019.05.30"]
[Round "1"]
[White "Melaa, Sondre Lillestøl"]
[Black "Hellenes, Andrè Tsolis"]
[Result "1-0"]
[WhiteElo "2038"]
[BlackElo "1693"]
[PlyCount "43"]
[EventDate "2019.??.??"]

1. d4 d5 2. c4 c6 3. Nf3 Nf6 4. e3 Bg4 5. h3 Bxf3 6. Qxf3 e6 7. Nc3 Be7 8. Bd2
Nbd7 9. O-O-O Qc7 10. Kb1 a5 11. g4 dxc4 12. Bxc4 Rb8 13. g5 Nd5 14. Bxd5 exd5
15. e4 dxe4 16. Qxe4 Rc8 17. Rhe1 Nb6 18. Bf4 Qd7 19. d5 Kf8 20. dxc6 Qxc6 21.
Qxe7+ Kg8 22. Rd8+
1-0

[Event "NM for klubblag 2019"]
[Site "Scandic Ambassadeur, Drammen"]
[Date "2019.05.30"]
[Round "1"]
[White "Marthinussen, Emma Viktoria L"]
[Black "Tunsjø, Axel"]
[Result "0-1"]
[WhiteElo "1469"]
[BlackElo "2002"]
[PlyCount "56"]
[EventDate "2019.??.??"]

1. e4 c5 2. Nf3 e6 3. c3 Nf6 4. d3 Nc6 5. Bg5 d6 6. Be2 Be7 7. O-O O-O 8. Qc2
h6 9. Be3 Bd7 10. h3 Rc8 11. Nbd2 e5 12. a3 d5 13. exd5 Nxd5 14. c4 Nc7 15. Ne4
b6 16. Bd2 f5 17. Ng3 Bd6 18. Rfe1 Ne6 19. Bf1 Ned4 20. Nxd4 Nxd4 21. Qd1 Qe8
22. a4 Qg6 23. Kh1 f4 24. Ne2 f3 25. Nxd4 exd4 26. gxf3 Qh5 27. f4 Bc6+ 28. Bg2
Qxh3+
0-1

[Event "NM for klubblag 2019"]
[Site "Scandic Ambassadeur, Drammen"]
[Date "2019.05.30"]
[Round "1"]
[White "Johnsen, Sylvia"]
[Black "Yilmaz, Kazim"]
[Result "1-0"]
[WhiteElo "1888"]
[BlackElo "1632"]
[PlyCount "179"]
[EventDate "2019.??.??"]

1. c4 d5 2. cxd5 Qxd5 3. Nf3 Nf6 4. g3 g6 5. Bg2 Bg7 6. O-O O-O 7. Nc3 Qd8 8.
d4 c6 9. Re1 Bg4 10. Ne5 Na6 11. Nxg4 Nxg4 12. e3 Nf6 13. a3 Nc7 14. Qb3 Rb8
15. Na4 Re8 16. f4 Ncd5 17. Bd2 Nb6 18. Ba5 Nfd7 19. Rac1 e6 20. Nc5 Qc8 21.
Ne4 Bf8 22. Bb4 Bxb4 23. Qxb4 Qc7 24. Qb3 Nd5 25. Ng5 Qb6 26. Qc2 N7f6 27. h3
h6 28. Nf3 Qd8 29. e4 Ne7 30. Kh2 Nh7 31. Rcd1 Rc8 32. b4 a5 33. Qb2 axb4 34.
axb4 Ra8 35. Ne5 Qc7 36. Ra1 Nf8 37. Ng4 Nd7 38. Nxh6+ Kg7 39. Ng4 f5 40. Nf2
Kh7 41. Nd3 fxe4 42. Nc5 Nxc5 43. bxc5 Nf5 44. Rxe4 Rxa1 45. Qxa1 b5 46. h4 b4
47. Qa4 Qb7 48. d5 cxd5 49. Rxb4 Qf7 50. c6 Re7 51. Qb3 Nd6 52. Rb8 Rc7 53. Qc3
Qg7 54. Qc5 Nc4 55. Bf1 Nd2 56. Bd3 Nf3+ 57. Kh3 Nd4 58. Rb7 Nxc6 59. Rxc7 Qxc7
60. Bb5 d4 61. Qxc6 Qxc6 62. Bxc6 d3 63. Kg2 d2 64. Bf3 Kg7 65. Kf2 Kf6 66. Ke2
d1=Q+ 67. Kxd1 Kf5 68. Kd2 e5 69. fxe5 Kxe5 70. Ke3 Kf5 71. g4+ Ke5 72. g5 Kf5
73. Bd1 Ke6 74. Ke4 Kf7 75. Ke5 Kg7 76. Bb3 Kh7 77. Kf6 Kh8 78. Bc2 Kh7 79.
Bxg6+ Kh8 80. Be8 Kh7 81. g6+ Kh8 82. g7+ Kh7 83. Kf7 Kh6 84. h5 Kxh5 85. g8=Q
Kh4 86. Ke6 Kh3 87. Kf5 Kh2 88. Kf4 Kh1 89. Bc6+ Kh2 90. Qg2# 1-0

[Event "NM for klubblag 2019"]
[Site "Scandic Ambassadeur, Drammen"]
[Date "2019.05.30"]
[Round "1"]
[White "Kraglund, Sondre"]
[Black "Khoo-Thwe, Louis"]
[Result "0-1"]
[WhiteElo "1514"]
[BlackElo "1650"]
[PlyCount "64"]
[EventDate "2019.??.??"]

1. e4 e5 2. Nf3 Nc6 3. Bc4 Bc5 4. O-O Nf6 5. d3 O-O 6. c3 d5 7. exd5 Nxd5 8. h3
Nb6 9. Bb3 Bf5 10. Nxe5 Nxe5 11. d4 Bxd4 12. cxd4 Nd3 13. Qf3 Bg6 14. Nc3 Qxd4
15. Rd1 c6 16. Bc2 Qxf2+ 17. Qxf2 Nxf2 18. Rd2 Bxc2 19. Rxc2 Nd3 20. Be3 Nb4
21. Rf2 N4d5 22. Bc5 Rfe8 23. Ne4 Rxe4 24. Raf1 f6 25. g4 Nd7 26. Bd6 Rae8 27.
g5 Re1 28. Rxe1 Rxe1+ 29. Kg2 fxg5 30. b3 Nf4+ 31. Kg3 Nf6 32. h4 Ne4+
0-1

[Event "NM for klubblag 2019"]
[Site "Scandic Ambassadeur, Drammen"]
[Date "2019.05.30"]
[Round "1"]
[White "Mrachek, Svetlana"]
[Black "Strand, Aud Norunn"]
[Result "1-0"]
[WhiteElo "1586"]
[BlackElo "1491"]
[PlyCount "45"]
[EventDate "2019.??.??"]

1. d4 Nf6 2. Nf3 e6 3. Bg5 Be7 4. e3 O-O 5. Bd3 d5 6. Nbd2 b6 7. Ne5 Bb7 8. h4
h6 9. Bf4 Nbd7 10. g4 Nxe5 11. Bxe5 Ne4 12. Bxe4 dxe4 13. g5 Bxg5 14. hxg5 Qxg5
15. Qe2 Qe7 16. O-O-O f6 17. Bf4 g5 18. Bg3 Qh7 19. Rh5 Kf7 20. Rdh1 Rh8 21.
Rxh6 Qg7 22. Qh5+ Ke7 23. Rxh8
1-0

[Event "NM for klubblag 2019"]
[Site "Scandic Ambassadeur, Drammen"]
[Date "2019.05.30"]
[Round "1"]
[White "Evensen, Per-Erik"]
[Black "Brattgjerd, Isak Vinh"]
[Result "0-1"]
[WhiteElo "1383"]
[BlackElo "1566"]
[PlyCount "120"]
[EventDate "2019.??.??"]

1. d4 Nf6 2. c4 d6 3. Nf3 Nbd7 4. Nc3 g6 5. Bf4 Bg7 6. e3 O-O 7. Bd3 Re8 8. Bg3
e5 9. dxe5 dxe5 10. e4 Nh5 11. Bh4 f6 12. Bg3 Nc5 13. Bc2 Bg4 14. h3 Be6 15.
Qe2 Nxg3 16. fxg3 c6 17. b4 Nd7 18. a3 f5 19. Rd1 Qc7 20. Nb1 fxe4 21. Bxe4 Nf6
22. Nbd2 Rad8 23. O-O Nh5 24. Kh2 Bh6 25. c5 Bd5 26. Rfe1 Nf6 27. Qf2 Bxe4 28.
Nxe4 Nxe4 29. Qa2+ Kg7 30. Rxd8 Qxd8 31. Rxe4 Kf6 32. Qe2 Qd5 33. Ne1 Bg7 34.
Qf3+ Ke7 35. Qe3 Kd7 36. Nf3 b6 37. cxb6 axb6 38. Nd2 Kc7 39. Nc4 c5 40. bxc5
Qxc5 41. Qxc5+ bxc5 42. g4 Kc6 43. Kg3 Kd5 44. Kf3 Rb8 45. Ne3+ Ke6 46. h4 Rb3
47. a4 Kd6 48. g5 Rb4 49. a5 Kc6 50. g4 Kb5 51. Nd5 Rb3+ 52. Re3 c4 53. Ke4
Kxa5 54. Rxb3 cxb3 55. Nc3 Kb4 56. Nb1 b2 57. Kd3 Kb3 58. Kd2 Bf8 59. Kd1 Bb4
60. Ke2 Kc2 0-1

[Event "NM for klubblag 2019"]
[Site "Scandic Ambassadeur, Drammen"]
[Date "2019.05.30"]
[Round "1"]
[White "Haug, Johannes"]
[Black "Nordquelle, Pål"]
[Result "1-0"]
[WhiteElo "2438"]
[BlackElo "1630"]
[PlyCount "47"]
[EventDate "2019.??.??"]

1. d4 Nf6 2. c4 b6 3. Nf3 Bb7 4. Nc3 h6 5. g3 d6 6. Bg2 Nbd7 7. Qc2 e5 8. e4
exd4 9. Nxd4 a6 10. O-O Ne5 11. f4 Ng6 12. Re1 Qd7 13. e5 Bxg2 14. exf6+ Kd8
15. Qxg2 Qc8 16. Qc6 Be7 17. fxe7+ Nxe7 18. Qe4 Ng6 19. b4 c5 20. bxc5 bxc5 21.
Nf5 Rg8 22. Bd2 Qd7 23. Nd5 Re8 24. Ba5+
1-0

[Event "NM for klubblag 2019"]
[Site "Scandic Ambassadeur, Drammen"]
[Date "2019.05.30"]
[Round "1"]
[White "Brentebråten, Tom"]
[Black "Tenold, Andreas"]
[Result "0-1"]
[WhiteElo "1359"]
[BlackElo "1969"]
[PlyCount "58"]
[EventDate "2019.??.??"]

1. b4 Nf6 2. Bb2 e6 3. b5 Be7 4. c4 O-O 5. e3 d5 6. Nf3 c6 7. a4 a6 8. Be2 dxc4
9. Bxc4 axb5 10. axb5 Rxa1 11. Bxa1 Bd7 12. Nc3 Qa5 13. Ne5 Be8 14. Qb1 Bb4 15.
Nd3 cxb5 16. Bxb5 Bxc3 17. O-O Bxa1 18. Bxe8 Rxe8 19. Qxb7 Be5 20. Nxe5 Qxe5
21. f4 Qd5 22. Qa7 Qxd2 23. Rb1 Nbd7 24. h3 h5 25. g4 hxg4 26. hxg4 Nxg4 27.
Rb2 Qxb2 28. Qxd7 Qf2+ 29. Kh1 Qh2#
0-1

[Event "NM for klubblag 2019"]
[Site "Scandic Ambassadeur, Drammen"]
[Date "2019.05.30"]
[Round "1"]
[White "Ramirez, Manuel"]
[Black "Flatebø, Hallvard Haug"]
[Result "1-0"]
[WhiteElo "2089"]
[BlackElo "1858"]
[PlyCount "59"]
[EventDate "2019.??.??"]

1. d4 Nf6 2. c4 e6 3. Nc3 Bb4 4. Qc2 c5 5. e3 O-O 6. Bd3 Nc6 7. Nf3 d5 8. a3
Bxc3+ 9. bxc3 b6 10. cxd5 exd5 11. dxc5 bxc5 12. c4 d4 13. O-O Bg4 14. Ng5 h6
15. Ne4 Ne5 16. exd4 Nxd3 17. Qxd3 Bf5 18. Nxf6+ Qxf6 19. Qf3 Qxd4 20. Bxh6 Bg4
21. Qg3 gxh6 22. h3 h5 23. hxg4 hxg4 24. Rfd1 Qe4 25. Rd5 f6 26. Rad1 Qxc4 27.
Qh4 Rae8 28. Rh5 Qf4 29. Rh8+ Kf7 30. Qh5+
1-0

[Event "NM for klubblag 2019"]
[Site "Scandic Ambassadeur, Drammen"]
[Date "2019.05.30"]
[Round "1"]
[White "Melkevik, Egil"]
[Black "Egeland, Finn"]
[Result "0-1"]
[WhiteElo "1736"]
[BlackElo "2086"]
[PlyCount "60"]
[EventDate "2019.??.??"]

1. d4 Nf6 2. Nc3 d5 3. Bf4 a6 4. e3 c5 5. a4 Nc6 6. Nf3 Bg4 7. Be2 e6 8. Ne5
Bxe2 9. Nxe2 Rc8 10. O-O Bd6 11. Ng3 O-O 12. Nh5 Nxh5 13. Qxh5 cxd4 14. exd4
Nxd4 15. Rad1 g6 16. Qh6 Ne2+ 17. Kh1 Nxf4 18. Qxf4 f6 19. Qg4 Bxe5 20. Qxe6+
Kh8 21. Rxd5 Qe8 22. Qb6 Qc6 23. Qxc6 Rxc6 24. f4 Bxb2 25. f5 Rxc2 26. Rd7 Re8
27. Rxb7 gxf5 28. h4 Be5 29. Rd1 Rg8 30. g4 Rxg4
0-1

[Event "NM for klubblag 2019"]
[Site "Scandic Ambassadeur, Drammen"]
[Date "2019.05.30"]
[Round "1"]
[White "Rueda-Kjeldsen, Juan Carlos"]
[Black "Olsen, Geir"]
[Result "1-0"]
[WhiteElo "1963"]
[BlackElo "1466"]
[PlyCount "61"]
[EventDate "2019.??.??"]

1. Nf3 Nf6 2. b3 g6 3. Bb2 Bg7 4. e4 d6 5. d3 Bg4 6. Nbd2 O-O 7. g3 Nbd7 8. Bg2
e5 9. O-O Qe7 10. h3 Bxf3 11. Nxf3 Nc5 12. Qd2 Ne6 13. Nh2 Rfd8 14. Rae1 Qd7
15. Qc1 Rac8 16. Bc3 Qe7 17. Bd2 Qf8 18. f4 exf4 19. gxf4 Ne8 20. f5 Nc5 21.
Ng4 Nf6 22. fxg6 hxg6 23. Nxf6+ Bxf6 24. Rxf6 Rd7 25. Ref1 Kh7 26. Qe1 Qg7 27.
Qh4+ Kg8 28. Qg4 c6 29. Bc3 Qh6 30. b4 Ne6 31. Rxe6
1-0

[Event "NM for klubblag 2019"]
[Site "Scandic Ambassadeur, Drammen"]
[Date "2019.05.30"]
[Round "1"]
[White "Seglem, Ole Andre"]
[Black "Omtvedt, Per"]
[Result "0-1"]
[WhiteElo "1436"]
[BlackElo "1894"]
[PlyCount "96"]
[EventDate "2019.??.??"]

1. d4 Nf6 2. c4 e6 3. Nc3 d5 4. Nf3 c6 5. Bg5 Nbd7 6. e3 Qa5 7. Nd2 dxc4 8.
Bxf6 Nxf6 9. Nxc4 Qc7 10. Be2 Be7 11. Rc1 O-O 12. O-O Rd8 13. Re1 Bd7 14. h3
Be8 15. Bf3 Rac8 16. Qb3 b6 17. Ne5 c5 18. Ne4 Qb8 19. Red1 cxd4 20. Rxc8 Rxc8
21. exd4 Nxe4 22. Bxe4 Qd6 23. Nc4 Qf4 24. Nd2 Rd8 25. Qe3 Qf6 26. Nb3 Ba4 27.
Qf3 Bxb3 28. axb3 Rxd4 29. Rc1 Qxf3 30. Bxf3 Bc5 31. Rc2 g6 32. Kf1 Kg7 33. Ke2
Rb4 34. Kd3 Rxb3+ 35. Kc4 Rb4+ 36. Kd3 e5 37. Re2 Bd4 38. b3 Rxb3+ 39. Kc4 Rb2
40. Rxb2 Bxb2 41. Bd5 Bd4 42. f3 a5 43. Be4 f5 44. Bc2 Kf6 45. Kd5 Kg5 46. g4
Kf4 47. Bd1 a4 48. gxf5 gxf5 0-1

[Event "NM for klubblag 2019"]
[Site "Scandic Ambassadeur, Drammen"]
[Date "2019.05.30"]
[Round "1"]
[White "Vea, Odin Blikra"]
[Black "Aarnes, Eirik"]
[Result "1-0"]
[WhiteElo "2206"]
[BlackElo "1849"]
[PlyCount "113"]
[EventDate "2019.??.??"]

1. e4 c5 2. Nc3 d6 3. f4 Nc6 4. Nf3 a6 5. a4 g6 6. Bc4 Bg7 7. O-O e6 8. f5 gxf5
9. d3 Nge7 10. Ng5 Bd4+ 11. Kh1 Ne5 12. exf5 d5 13. Bf4 Nxf5 14. Nce4 dxe4 15.
dxe4 Nd6 16. Qh5 Rf8 17. c3 Ndxc4 18. cxd4 Ng6 19. b3 Qxd4 20. Rad1 Nxf4 21.
Rxf4 Qg7 22. bxc4 Bd7 23. Nxf7 Rxf7 24. Rdf1 O-O-O 25. Rxf7 Qd4 26. Qh4 Qxc4
27. h3 Qxa4 28. Qe7 Qc6 29. Rd1 c4 30. e5 a5 31. Kh2 Qc7 32. Qf6 b5 33. Qf4 a4
34. Qe4 Kb8 35. Qd4 Kc8 36. Rb1 Kb8 37. Qf4 a3 38. Qe3 a2 39. Rxb5+ Bxb5 40.
Rxc7 Kxc7 41. Qc5+ Bc6 42. Qa7+ Kc8 43. Qxa2 Bd5 44. Qa6+ Kb8 45. Qb6+ Kc8 46.
Qc5+ Kb8 47. Qb4+ Kc8 48. g4 Rd7 49. Qf8+ Kc7 50. g5 Kc6 51. h4 c3 52. Qb4 Rc7
53. Qxc3+ Kd7 54. Qd3 Ke8 55. g6 hxg6 56. Qxg6+ Kd8 57. h5
1-0